000 00162nam a22000857a 4500
082 _a823
100 _aHEFIER, RICHARD
245 _aKISS ME, I AM VULTURE
942 _cBK
999 _c8140
_d8140